Waga shōgai no tatakai /

Saved in:
நூற்பட்டியல் விவரங்கள்
தலைமை எழுத்தாளர்: Sakisaka, Itsurō, 1897-
வடிவம்: புத்தகம்
மொழி:Japanese
வெளியீடப்பட்டது: Tōkyō : Bungei Shunjū, Shōwa 49 [1974]
தொகுதி:Hito to shisō
பகுதிகள்:
குறியீடுகள்: குறிச்சொல் இணை
குறியீடுகள் இல்லை, இந்த குறிச்சொல்லை முதலில் பதிவு செய்யுங்கள்!
LEADER 00987cam a2200301 i 4500
001 007747232-2
005 20024617120653.0
008 930818s1974 ja b 000 0ajpn
010 |a 74810118 /J 
015 |a Ja74-9960 
035 0 |a ocm28647167 
040 |a DLC  |c MoSW  |d *YNH*  |d CStRLIN 
050 0 |a HX414  |b .S227 
100 1 |6 880-01  |a Sakisaka, Itsurō,  |d 1897- 
245 1 0 |6 880-02  |a Waga shōgai no tatakai /  |c Sakisaka Itsurō. 
260 |6 880-03  |a Tōkyō :  |b Bungei Shunjū,  |c Shōwa 49 [1974] 
300 |a 459, 3 p. ;  |c 20 cm. 
490 0 |6 880-04  |a Hito to shisō 
504 |a List of the author's works: p. 1-3 (2d group) 
650 0 |a Socialism. 
600 1 0 |6 880-05  |a Sakisaka, Itsurō,  |d 1897- 
880 1 |6 100-01  |a 向坂逸郎,  |d 1897- 
880 1 0 |6 245-02  |a わが生涯の闘い /  |c 向坂逸郎. 
880 |6 260-03  |a 東京 :  |b 文芸春秋,  |c 昭和49 [1974] 
880 0 |6 490-04  |a 人と思想 
880 1 0 |6 600-05  |a 向坂逸郎,  |d 1897- 
988 |a 20021217 
906 |0 DLC